000 00306nam a22001337a 4500
008 170306b xxu||||| |||| 00| 0 eng d
020 _a9780495602651
041 _aeng
080 _a611
100 _a6
101 _aSHM
245 _aSOCIAL PHYSIOLOGY AND HUMAN NATURE
_cBAUMEISTER, R.F
942 _2udc
_cBK
999 _c6928
_d6928